000 01168nam0a22003131 4500
001 RU\INFOCOMM_327\NLR\5000007049
005 20250613104711.0
035 _a(NLR Aleph) 009511013
090 _a8766311
_c8766311
100 _a20121206d1978 |||y0rusy50 ca
101 0 _aeng
102 _aRU
105 _ay z |||||
200 1 _aOn the vacuum stability problem in quantum electrodynamics
_fD. A. Kirzhnits, A. D. Linde
210 _aM.
_d1978
215 _a12 с.
_d20 см
225 1 _aPreprint
_fAcad. of sciences of the USSR. P. N. Lebedev phys. inst. I. E. Tamm dep. of theoretical physics. [Lab.:] High energy physics and cosmic rays
_vN 5
320 _aБиблиогр.: с. 12
606 0 _aВакуум в квантовой электродинамике
_xУстойчивость
_91222516
_3RU\NLR\AUTH\66179383
620 _aМосква
686 _aВ315.4
_2rubbk
700 1 _9z01790
_aKiržnic
_bD. A.
_gDavid Abramovič
701 1 _aLinde
_bA. D.
_gAndrej Dmitrievič
790 1 _9z01700
_aKirzhnits
_bD. A.
_4070
801 1 _aRU
_bNLR
_c20121206
801 0 _aRU
_bINFOCOMM
_gPSBO
852 _aNLR
_jФз01 Д-4/938
942 _cBOOK
980 _aNB